Vista normal Vista MARC

Entrada Materia (personas)

Número de registros utilizados en: 1

001 - CONTROL NUMBER

  • control field: 92154

003 - CONTROL NUMBER IDENTIFIER

  • control field: Co-BoUCM

005 - DATE AND TIME OF LATEST TRANSACTION

  • control field: 20180416135536.0

008 - FIXED-LENGTH DATA ELEMENTS

  • fixed length control field: 180416|| aca||aabn | a|a d

040 ## - CATALOGING SOURCE

  • Original cataloging agency: Co-BoUCM
  • Transcribing agency: Co-BoUCM

100 ## - HEADING--PERSONAL NAME

  • Personal name: Prescott, William Hickling
  • Dates associated with a name: 1796-1859

670 ## - SOURCE DATA FOUND

  • Source citation: Work cat.: (Co-BoUCM): Prescott, William Hickling 1796-1859, Historia de la conquista del Perú, 1853